Z szacunku dla dokonań

Titel: Z szacunku dla dokonań : z dziejów Szpitala Klinicznego im. dr. Antoniego Jurasza w Bydgoszczy / Mieczysław Boguszyński.
Verfasser:
Ausgabe: Wydanie I.
Veröffentlicht: Bydgoszcz : Wydawnictwo Pejzaż, Stadnicki s.k., 2022
Umfang: 375, [1] Seiten : Faksimilie, Fotografie, Illustrationen, Portraits ; 28 cm
Format: Buch
Sprache: Polnisch
Schlagworte:
ISBN: 9788365819819 ; 8365819813
Buchumschlag
X
alg: 51475541
001A    $03004:17-01-24 
001B    $01999:26-11-25 $t14:51:16.000 
001D    $03004:17-01-24 
001U    $0utf8 
001X    $00 
002@    $0Aau 
002C    $aText $btxt $2rdacontent 
002D    $aohne Hilfsmittel zu benutzen $bn $2rdamedia 
002E    $aBand $bnc $2rdacarrier 
003@    $0514755415 
003O    $01381141594 $aOCoLC 
004A    $A978-83-65819-81-9 $f((oprawa twarda)) 
004A    $083-65819-81-3 
006C    $01344534427 $aOCoLC 
007A    $0514755415 $aHEB 
007G    $0DE020832C0AC3A7633A05C1258B6400352117 
009P    $qapplication/pdf $A2 $3Inhaltsverzeichnis $uhttp://scans.hebis.de/HEBCGI/show.pl?51475541_toc.pdf $mV:DE-603;B:DE-Mb50 
009P    $qapplication/pdf $A2 $3Cover $uhttp://scans.hebis.de/HEBCGI/show.pl?51475541_cov.pdf $mV:DE-603;B:DE-Mb50 
009P    $qapplication/pdf $A2 $3Register $uhttp://scans.hebis.de/HEBCGI/show.pl?51475541_idx.pdf $mV:DE-603;B:DE-Mb50 
009P    $qapplication/pdf $A2 $3Abstract $uhttp://scans.hebis.de/HEBCGI/show.pl?51475541_sum.pdf $mV:DE-603;B:DE-Mb50 
010@    $apol 
010E    $erda 
011@    $a2022 $n2022 
021A    $aZ szacunku dla dokonań $dz dziejów Szpitala Klinicznego im. dr. Antoniego Jurasza w Bydgoszczy $hMieczysław Boguszyński. 
028A    $BVerfasser $4aut $71160903867 $8Boguszyński, Mieczysław$Z1930- [Tp3] $9432493727 
032@    $aWydanie I. 
033A    $pBydgoszcz $nWydawnictwo Pejzaż, Stadnicki s.k. 
034D    $a375, [1] Seiten 
034I    $a28 cm 
034M    $aFaksimilie, Fotografie, Illustrationen, Portraits 
037A    $aLiteratuverzeichnis Seite 361-365 
044A    $aSzpital Uniwersytecki nr 1 im $2dbn $S27 $N610 
044A    $aSzpital Uniwersytecki Nr 1 im $2jhpk $S27 $xhistoria $N610 
044A    $aBydgoszcz (woj $2dbn $S#7 $N651 
044A    $aLekarze $S#2 $xhistoria $N650 
044A    $aSzpitale $S#2 $xhistoria $N650 
044A    $aLekarze $2dbn $S#7 $N650 
044A    $aSzpitale $2dbn $S#7 $N650 
044A    $aSzpitale $2jhpk $S#7 $xhistoria $zPolska $zBydgoszcz $N650 
044A    $aOpracowanie $2dbn $S#7 $N655 
044K    $RBromberg $#Bromberg $#Bromberg $#Bydgoszsz $#Bromberg Bydgoszcz $74008333-0 $8Bydgoszcz [Tg1] $9085014478 
044K    $RKrankenhaus $#University hospitals $#Hôpitaux d'enseignement $#Hospitales universitarios $#Hochschulklinik $#Universitätskrankenhaus $#Universität Krankenhaus $#Universitätsklinikum $#Universitätsspital $74061822-5 $8Universitätsklinik [Ts1] $9085171913 
044K    $RMitarbeiter $#Hospitals Employees $#Hôpitaux Personnel $#Hospitales Personal $#Personnel, Hospital $#Mitarbeiter Krankenhaus $74132801-2 $8Krankenhauspersonal [Ts1] $9085479438 
044K    $RHeilberuf $RTherapeut $RÄrztin $RHeiler $#Physicians $#Médecins $#Medici $#Médicos $#physicians $#Physicians $#Ärzte $#Arzt $#Ärzte $#Mediziner $#Ärzte $74003157-3 $8Arzt [Ts1] $9085000019 
045F    $a610.94380904 $eDDC23BSB 
045F/01 $a610.9 
045F/03 $f0904 
045F/03 $f0905 
045F/03 $g438 
045R    $aGeschichte 1937-2022 

lok: 51475541 24

exp: 51475541 24 1 #EPN
201B/01 $011-07-24 $t13:47:08.000 
201C/01 $017-01-24 
201U/01 $0utf8 
203@/01 $01254674500 
208@/01 $a11-07-24 $bz 
209A/01 $a24.03712 $du $f050 $h24 03712 $x00 
209C/01 $a24.03712 K $h24 03712 K 
209G/01 $a74889980 $x00 
220C/01 $ahae 
247C/01 $8358050-7 Marburg, Bibliothek des Herder-Instituts Marburg $9102600961 

lok: 51475541 78

exp: 51475541 78 1 #EPN
201B/01 $019-04-24 $t15:27:53.000 
201C/01 $019-04-24 
201U/01 $0utf8 
203@/01 $01261762401 
208@/01 $a19-04-24 $be 
209A/01 $a/ $f000 $x00 
209A/01 $ab*p $x01 
220C/01 $apgar 
244Z/01 $#Generalgouvernement Polen $#Polska $#Rzeczpospolita Polska $#Polska Rzeczpospolita Ludowa $#Poland $#Pologne $#République Polonaise $#Generalne Gubernatorstwo w Polsce $#Polish People's Republic $#Polska Rzeczpospolita Polen $#PRL $#RP $#Polen Generalgouvernement $#Polska Generalgouvernement $#Besetzte Polnische Gebiete $#Besetztes Gebiet in Polen $#Okupowane Polskie Obszary $#Obszary Okupowane w Polsce $#Volksrepublik Polen $#Polska Rosyjska $#Republic Polen $#Respublika Pol'ša $#Pol'skaja Narodnaja Respublika $#République de Pologne $#Polen Links der Weichsel $#Polska po Lewej Stronie Wisły $#Lenkija $#Polija $#Gubernija Carstva Pol'skago $#Republik Polen $74046496-9 $8--Tg1--Polen $x01 $9085129801 
244Z/01 $#Wielkopolska $#Polonia Maior $#Greater Poland $#Velkopolsko $#Grande-Pologne $#Nagy-Lengyelország $74223407-4 $8--Tg1--Großpolen $x15 $9086156667 
247C/01 $82080>Marburg/Lahn, Herder-Institut, Forschungsbibliothek, Bibliographieportal $9336309341
LEADER 00000cam a2200000 c 4500
001 514755415
003 DE-603
005 20251126145116.0
007 tu
008 240117s2022 xx |||| | u00||u|pol c
020 |a 9788365819819  |c ((oprawa twarda)) 
020 |a 8365819813 
035 |a (DE-599)HEB514755415 
035 |a (OCoLC)1381141594 
040 |a DE-603  |b ger  |c DE-603  |d DE-603  |e rda 
041 |a pol 
082 0 4 |8 1\u  |a 610.94380904  |q DE-101  |2 23/BSB 
085 |8 1\u  |b 610.9 
085 |8 1\u  |z 1  |s 0904 
085 |8 1\u  |z 1  |s 0905 
085 |8 1\u  |z 2  |s 438 
100 1 |a Boguszyński, Mieczysław  |d 1930-  |e Verfasser  |4 aut  |0 (DE-603)432493727  |0 (DE-588)1160903867  |2 gnd 
245 0 0 |a Z szacunku dla dokonań  |b z dziejów Szpitala Klinicznego im. dr. Antoniego Jurasza w Bydgoszczy  |c Mieczysław Boguszyński. 
250 |a Wydanie I. 
264 1 |a Bydgoszcz  |b Wydawnictwo Pejzaż, Stadnicki s.k.  |c 2022 
300 |a 375, [1] Seiten  |b Faksimilie, Fotografie, Illustrationen, Portraits  |c 28 cm 
336 |a Text  |b txt  |2 rdacontent 
337 |a ohne Hilfsmittel zu benutzen  |b n  |2 rdamedia 
338 |a Band  |b nc  |2 rdacarrier 
500 |a Literatuverzeichnis Seite 361-365 
648 7 |a Geschichte 1937-2022  |2 gnd 
650 7 |a Universitätsklinik  |0 (DE-588)4061822-5  |0 (DE-603)085171913  |2 gnd 
650 7 |a Krankenhauspersonal  |0 (DE-588)4132801-2  |0 (DE-603)085479438  |2 gnd 
650 7 |a Arzt  |0 (DE-588)4003157-3  |0 (DE-603)085000019  |2 gnd 
651 7 |a Bydgoszcz  |0 (DE-588)4008333-0  |0 (DE-603)085014478  |2 gnd 
856 4 2 |m V:DE-603;B:DE-Mb50  |q application/pdf  |u http://scans.hebis.de/HEBCGI/show.pl?51475541_toc.pdf  |3 Inhaltsverzeichnis 
856 4 2 |m V:DE-603;B:DE-Mb50  |q application/pdf  |u http://scans.hebis.de/HEBCGI/show.pl?51475541_cov.pdf  |3 Cover 
856 4 2 |m V:DE-603;B:DE-Mb50  |q application/pdf  |u http://scans.hebis.de/HEBCGI/show.pl?51475541_idx.pdf  |3 Register 
856 4 2 |m V:DE-603;B:DE-Mb50  |q application/pdf  |u http://scans.hebis.de/HEBCGI/show.pl?51475541_sum.pdf  |3 Abstract 
924 0 |9 Mb 50  |a (DE-603)1254674500  |b DE-Mb50  |c HES  |d c  |g 24.03712 
924 0 |9 2080  |a (DE-603)1261762401  |b DE-2080  |c HES  |d d  |g /